LEADER 01068nam1 2200361 450 001 990000638720203316 035 $a0063872 035 $aUSA010063872 035 $a(ALEPH)000063872USA01 035 $a0063872 100 $a20010925d1979----km-y0itay0103----ba 101 $aeng 102 $aDE 105 $a||||||||001yy 200 1 $aProbablistic number theory$fP.D.T.A. Elliot 210 $aBerlin$cSpringer-Verlag$dc1979-1980 215 $av.$d23 cm 225 2 $aDie grundlehren der matamatischen Wissenschaften 410 $12001$aDie grundlehren der matamatischen Wissenschaften 610 0 $aTeoria dei numeri 676 $a512.7 700 1$aELLIOTT,$bPeter D.T.A.$012030 801 0$aIT$bsalbc$gISBD 912 $a990000638720203316 951 $a510 GLM$bCBS$c510 959 $aBK 969 $aSCI 979 $aPATTY$b90$c20010925$lUSA01$h1201 979 $aPATTY$b90$c20010925$lUSA01$h1211 979 $c20020403$lUSA01$h1713 979 $aPATRY$b90$c20040406$lUSA01$h1644 996 $aProbablistic number theory$9957999 997 $aUNISA LEADER 02872nam 2200625 450 001 9910795496503321 005 20200331153709.0 010 $a1-64189-905-0 010 $a1-942401-32-9 024 7 $a10.1515/9781942401322 035 $a(CKB)4340000000210564 035 $a(MiAaPQ)EBC5114406 035 $a(MiAaPQ)EBC6034228 035 $a(DE-B1597)546814 035 $a(DE-B1597)9781942401322 035 $a(UkCbUP)CR9781942401322 035 $a(OCoLC)1008775120 035 $a(Au-PeEL)EBL6034228 035 $a(PPN)231480385 035 $a(EXLCZ)994340000000210564 100 $a20200331d2017 uy 0 101 0 $aeng 135 $aur||||||||||| 181 $ctxt$2rdacontent 182 $cc$2rdamedia 183 $acr$2rdacarrier 200 14$aThe Kingdom of Rus' /$fChristian Raffensperger 210 1$aKalamazoo, Michigan ;$aBradford, [England] :$cARC Humanities Press,$d2017. 215 $a1 online resource (xix, 97 pages) $cdigital, PDF file(s) 225 1 $aPast imperfect 300 $aTitle from publisher's bibliographic system (viewed on 15 Jan 2021). 311 $a1-942401-31-0 320 $aIncludes bibliographical references. 327 $aIntroduction : the problem with names -- The place of Rus' in medieval Europe -- The historiography of the translation of kniaz' -- Titulature and medieval rulers -- What was a kniaz'? -- Medieval titulature and Rus' -- Titles for other medieval rulers in Rusian sources -- Conclusion : consequences and resolutions. 330 $aAs scholarship continues to expand the idea of medieval Europe beyond 'the West,' the Rus' remain the final frontier relegated to the European periphery. The Kingdom of Rus' challenges the perception of Rus' as an eastern 'other' - advancing the idea of the Rus' as a kingdom deeply integrated with medieval Europe, through an innovative analysis of medieval titles. Examining a wide range of medieval sources, this book exposes the common practice in scholarship of referring to Rusian rulers as princes as a relic of early modern attempts to diminish the Rus'. Not only was Rus' part and parcel of medieval Europe, but in the eleventh and twelfth centuries Rus' was the largest kingdom in Christendom. 410 0$aPast imperfect (ARC Humanities Press) 606 $aNobility$zKyivan Rus 607 $aKyivan Rus$xKings and rulers$xHistory 607 $aKyivan Rus$xRelations$zEurope 607 $aEurope$xRelations$zKyivan Rus 610 $aKiev. 610 $aKingship. 610 $aMedieval Europe. 610 $aRus'. 610 $aRussia. 615 0$aNobility 676 $a947/.02 700 $aRaffensperger$b Christian$01475781 801 0$bMiAaPQ 801 1$bMiAaPQ 801 2$bMiAaPQ 906 $aBOOK 912 $a9910795496503321 996 $aThe Kingdom of Rus$93857586 997 $aUNINA